Las relaciones peligrosas

Gorde:
Xehetasun bibliografikoak
Egile nagusia: Laclos, Choderlos de (Egilea)
Formatua: Liburua
Hizkuntza:gaztelania
Argitaratua: Buenos Aires Malinca Pocket 1963
Gaiak:
Etiketak: Etiketa erantsi
Etiketarik gabe, Izan zaitez lehena erregistro honi etiketa jartzen!

MARC

LEADER 00000cam a2200000 a 4500
001 UCE1256
003 CL-VaPUC
008 140407e19630000ag |||||||||||||||||spa|d
082 0 4 |a 843  |b LAC  |2 21 
100 0 |a Laclos, Choderlos de  |e author  |9 573614 
245 1 4 |a Las relaciones peligrosas 
300 |a 374 p 
942 |c BK 
945 |d 20140407 11:30:00  |a cmena 
260 |a Buenos Aires  |b Malinca Pocket  |c 1963 
650 0 |a Novela francesa  |9 264985 
650 0 |a Literatura francesa  |9 266330 
583 |a last modification  |c 20140407 11:30:00  |k Rodrigo Vera 
999 |c 355112  |d 355110 
952 |0 0  |1 0  |3 erb  |4 0  |6 843_000000000000000_LAC_1963  |7 0  |8 A  |9 461494  |a BIBEDU  |b BIBEDU  |i 5050820  |o 843 LAC 1963  |p 5050820  |r 2019-11-23  |w 2019-11-23  |y BK  |z Catalogado en:20140407  |k LIT